Quiz sur l'Irak - Statistiques

Statistiques générales
  • Ce quiz a été pris 6 135 fois
  • Le résultat moyen est 12 sur 20
Statistiques - réponses
Question Réponse % Correct
Langues officielles Arabe
99%
Capitale Bagdad
95%
Golfe océanique qui borde l'Irak Golfe {Persique}
86%
Pays contre lequel l'Irak était en guerre entre 1980 et 1988 Iran
84%
Dictateur qui dirigeait l'Irak de 1979 à 2003 Saddam Hussein
76%
Pays que l'Irak a envahi en 1990 Koweït
75%
Deux fleuves principaux Euphrate
73%
Deux fleuves principaux Tigre
73%
Groupe terroriste ayant proclamé le Caliphat en Irak dans les années 2010 État Islamique
71%
Région antique située entre ces fleuves Mésopotamie
71%
Capitale antique où se trouvait l'Etemenanki, édifice qui a inspiré la Tour de Babel Babylone
64%
Ces mots signifiant « Dieu est le plus grand » figurent sur le drapeau national Allahu Akbar
58%
Devise monétaire Dinar
52%
Langues officielles Kurde
42%
Ce peuple a ravagé la capitale de l'Irak en 1258, mettant un terme à l'Âge d'or de l'islam Les Mongols
42%
Ce patriarche biblique serait né à Ur, dans l'actuel Irak Abraham
37%
Navigateur fictif qui habitait en Irak, selon les Mille-et-Une Nuits {Sinbad} le Marin
33%
Parti politique de celui-ci Baas
30%
Ville la plus peuplée du sud de l'Irak Bassorah
25%
Roi de cette ville dont les lois suivaient la règle « œil pour œil » ensuite citée par Jésus Hammurabi
12%
Aucun quiz correspondant
Distribution des résultats
% des personnes avec chaque résultat
Percentile par nombre de réponses
Votre historique - résultats
Vous n’avez pas pris ce quiz